Người suy nghĩ về tuổi trẻ chúng ta
Сохранить в:
| Главный автор: | |
|---|---|
| Формат: | |
| Язык: | Undetermined |
| Опубликовано: |
Hà Nội
Thanh niên
2001
|
| Предметы: | |
| Метки: |
Добавить метку
Нет меток, Требуется 1-ая метка записи!
|
| Thư viện lưu trữ: | Trung tâm Học liệu Trường Đại học Cần Thơ |
|---|
| LEADER | 00564nam a2200193Ia 4500 | ||
|---|---|---|---|
| 001 | CTU_41978 | ||
| 008 | 210402s9999 xx 000 0 und d | ||
| 020 | |b 10.000đ | ||
| 082 | |a 324.2075092 | ||
| 082 | |b H450a | ||
| 100 | |a Vũ Kỳ | ||
| 245 | 0 | |a Người suy nghĩ về tuổi trẻ chúng ta | |
| 245 | 0 | |c Vũ Kỳ | |
| 260 | |a Hà Nội | ||
| 260 | |b Thanh niên | ||
| 260 | |c 2001 | ||
| 650 | |a communists - vietnam - biography,ho chi minh - biography | ||
| 904 | |i Minh, 010625 | ||
| 980 | |a Trung tâm Học liệu Trường Đại học Cần Thơ | ||